00615nam a22002297b 4500003000500000005001700005008004100022020002600063040002500089041001400114082001300128100002700141245003800168250001800206260004100224300002300265490001400288655001800302655002800320655001900348655001800367322820260413141957.0260413b sa ||||j |||| 00| 1 AFR d a0627003656 (hardback) aMPL bengc3228erda aAfrikaans 0aATF SPEN a Spence, Ela eauthor aSoekie word sestien /cEla Spence aDerde uitgawe aPretoria :bJ.L. van Schaik ,c1980. a123 pages :c20 cm aSoekiev6 0aYouth Fiction 0aHuman Relations Fiction 0aSchool Stories 0aGirls Stories